In @ction 7 (Record no. 61127)

MARC details
000 -LÍDER
campo de controle de tamanho fixo 00326 a2200157 4500
001 - NÚMERO DE CONTROLE
campo de controle 61127
020 ## - ISBN - INTERNATIONAL STANDARD BOOK NUMBER
ISBN - International Standard Book Number 85322566252
040 ## - FONTE DA CATALOGAÇÃO
Instituição que transcreveu o registro Anchieta - Pituba
100 ## - ENTRADA PRINCIPAL--NOME PESSOAL
Nome pessoal Goes, Ana
240 10 - TÍTULO UNIFORME
Título uniforme In @ction 7
Idioma da obra Ing
245 10 - TÍTULO
Título In @ction 7
300 ## - DESCRIÇÃO FÍSICA
Extensão 151/47
362 0# - DATAS DE PUBLICAÇÃO E/OU DESIGNAÇÃO SEQUENCIAL
Datas de publicação e/ou designação sequencial 2005
650 #4 - ASSUNTO--TERMO TÓPICO
Cabeçalho tópico ou nome geográfico Inglês e inglês antigo
942 ## - ELEMENTOS DE ENTRADA ADICIONADOS (KOHA)
Tipo de material Koha Livros
Holdings
Situação do descarte Situação das perdas Situação física Não pode ser emprestado Biblioteca de origem Biblioteca atual Data de aquisição Total de empréstimos Número de chamada completo Código de barras Data de último acesso Data do preço efetivo Tipo de material Koha
        Colégio Anchieta - Pituba Colégio Anchieta - Pituba 21/11/2023   420 G598i GOE INC 13035/PIT 21/11/2023 21/11/2023 Livros